|
|
|
|
| LEADER |
00000nam0a2200000 4500 |
| 001 |
287606 |
| 005 |
20251210144114.0 |
| 035 |
|
|
|a (RuTPU)RU\TPU\book\312021
|
| 090 |
|
|
|a 287606
|
| 100 |
|
|
|a 20150318d1985 m y0rusy50 ca
|
| 101 |
0 |
|
|a rus
|
| 102 |
|
|
|a RU
|
| 105 |
|
|
|a a z 001zy
|
| 200 |
1 |
|
|a Солнечный ветер и внутреннее строение Солнца
|f А. Д. Чертков
|g Академия наук СССР (АН СССР), Междуведомственный геофизический комитет ; под ред. М. И. Пудовкина
|
| 210 |
|
|
|a Москва
|c Наука
|d 1985
|
| 215 |
|
|
|a 200 с.
|c ил.
|
| 225 |
1 |
|
|a Результаты исследований по международным геофизическим проектам
|
| 320 |
|
|
|a Библиогр.: с. 175-198
|
| 606 |
1 |
|
|a Солнечный ветер
|2 stltpush
|3 (RuTPU)RU\TPU\subj\55514
|9 73535
|
| 606 |
1 |
|
|a Солнце
|x Строение
|2 stltpush
|3 (RuTPU)RU\TPU\subj\55517
|9 73537
|
| 610 |
1 |
|
|a физика
|
| 610 |
1 |
|
|a внутреннее строение
|
| 610 |
1 |
|
|a эксперименты
|
| 610 |
1 |
|
|a исследования
|
| 610 |
1 |
|
|a космическая плазма
|
| 610 |
1 |
|
|a турбулентность
|
| 675 |
|
|
|a 523.6
|v 3
|
| 675 |
|
|
|a 523.9
|v 3
|
| 700 |
|
1 |
|a Чертков
|b А. Д.
|g Александр Дмитриевич
|
| 702 |
|
1 |
|a Пудовкин
|b М. И.
|4 340
|
| 712 |
0 |
2 |
|a Академия наук СССР
|b Междуведомственный геофизический комитет
|c Москва
|c 1961-1992
|9 88871
|
| 801 |
|
1 |
|a RU
|b 63413507
|c 20150318
|
| 801 |
|
2 |
|a RU
|b 63413507
|c 20180328
|g RCR
|
| 942 |
|
|
|c BK
|